000 00521nam a2200181Ia 4500
003 GCL
008 140319s9999 xx 000 0 ara d
040 _aGCL /
_cGCL
082 0 4 _a810.9
_bى ق
100 1 _aيوسف حسين بكار
245 1 0 _aقراءات نقدية /
_cيوسف حسين بكار
260 _a[S.N] :
_bدار الاندلس للطباعة والنشر ،
_c1982
300 _a191 ص
490 _a
650 0 4 _aالادب العربى
650 0 4 _aتاريخ ونقد
942 _2ddc
_cBK
999 _c39043
_d39043